000 00446nam a22001457a 4500
082 _aT-96
100 _aAdnan Khalid
_948452
245 _aA laboratory study to analyze the effect of temperature on marshall mix using cement as partial replacement of filler
_cAdnan Khalid
260 _aRisalpur
_bMCE
_c2001
300 _axxi, 204.p:
526 _a0
_b0
_c0
_dT_96
650 _aThesis
_934811
700 _aAdnan Khalid
_948452
942 _2ddc
_cBK
999 _c551398
_d551398